Marketing Strategy (Record no. 350113)

000 -LEADER
fixed length control field 00485nam a22001817a 4500
003 - CONTROL NUMBER IDENTIFIER
control field OSt
005 - DATE AND TIME OF LATEST TRANSACTION
control field 20180116183007.0
008 - FIXED-LENGTH DATA ELEMENTS--GENERAL INFORMATION
fixed length control field 150810b xxu||||| |||| 00| 0 eng d
020 ## - INTERNATIONAL STANDARD BOOK NUMBER
International Standard Book Number 9781259010903
040 ## - CATALOGING SOURCE
Transcribing agency 0
082 ## - DEWEY DECIMAL CLASSIFICATION NUMBER
Edition number 8th
Classification number 658.802 WAL 2014
100 ## - MAIN ENTRY--PERSONAL NAME
Personal name Orville C. Walker
245 ## - TITLE STATEMENT
Title Marketing Strategy
Remainder of title A Decision Focused Approach
Statement of responsibility, etc. Orville C. Walker
260 ## - PUBLICATION, DISTRIBUTION, ETC.
Place of publication, distribution, etc. India
Name of publisher, distributor, etc. McGraw HIll
Date of publication, distribution, etc. 2014
300 ## - PHYSICAL DESCRIPTION
Extent 368 p.
Other physical details PB
440 ## - SERIES STATEMENT/ADDED ENTRY--TITLE
Title Marketing Strategy
942 ## - ADDED ENTRY ELEMENTS (KOHA)
Source of classification or shelving scheme
Koha item type Book
Holdings
Withdrawn status Lost status Source of classification or shelving scheme Damaged status Not for loan Collection code Permanent Location Current Location Shelving location Date acquired Total Checkouts Full call number Barcode Date last seen Price effective from Koha item type
            Central Library (CL) Central Library (CL) General Stacks 08/10/2015   658.802 WAL 2014 NBS9351 08/10/2015 08/10/2015 Book
© 2023 Central Library, National University of Sciences and Technology. All Rights Reserved.